<?xml version="1.0" encoding="UTF-8"?>
<record
    xmlns:xsi="http://www.w3.org/2001/XMLSchema-instance"
    xsi:schemaLocation="http://www.loc.gov/MARC21/slim http://www.loc.gov/standards/marcxml/schema/MARC21slim.xsd"
    xmlns="http://www.loc.gov/MARC21/slim">

  <leader>02745    a2200385   4500</leader>
  <controlfield tag="005">20090513140438.0</controlfield>
  <controlfield tag="008">090513t        xxu||||| |||| 00| 0 eng d</controlfield>
  <datafield tag="010" ind1=" " ind2=" ">
    <subfield code="a">ENG-89422              B-308365-370</subfield>
  </datafield>
  <datafield tag="020" ind1=" " ind2=" ">
    <subfield code="c">950.00</subfield>
    <subfield code="a">8170174406</subfield>
  </datafield>
  <datafield tag="020" ind1=" " ind2=" ">
    <subfield code="c">950.00</subfield>
    <subfield code="a">9788170144066</subfield>
  </datafield>
  <datafield tag="035" ind1=" " ind2=" ">
    <subfield code="a">EN-72955</subfield>
  </datafield>
  <datafield tag="035" ind1=" " ind2=" ">
    <subfield code="a">B-308365-370</subfield>
  </datafield>
  <datafield tag="035" ind1=" " ind2=" ">
    <subfield code="a">B-359101</subfield>
  </datafield>
  <datafield tag="037" ind1=" " ind2=" ">
    <subfield code="b">DBAD /  PUB</subfield>
  </datafield>
  <datafield tag="037" ind1=" " ind2=" ">
    <subfield code="b">Pansy Books </subfield>
  </datafield>
  <datafield tag="040" ind1=" " ind2=" ">
    <subfield code="a">dpl</subfield>
    <subfield code="b">English</subfield>
  </datafield>
  <datafield tag="082" ind1=" " ind2=" ">
    <subfield code="a">792.0954</subfield>
  </datafield>
  <datafield tag="100" ind1=" " ind2=" ">
    <subfield code="a">Varadpande, M.L.</subfield>
  </datafield>
  <datafield tag="245" ind1=" " ind2=" ">
    <subfield code="a">Concise dictionary of Indian theatre/</subfield>
    <subfield code="c">by M.L. Varadpande</subfield>
  </datafield>
  <datafield tag="260" ind1=" " ind2=" ">
    <subfield code="a">New Delhi</subfield>
    <subfield code="b">Abhinav Publications</subfield>
    <subfield code="c">2007</subfield>
  </datafield>
  <datafield tag="270" ind1=" " ind2=" ">
    <subfield code="a">E-37, Hauz Khas</subfield>
    <subfield code="b">New Delhi</subfield>
    <subfield code="e">110 016</subfield>
    <subfield code="c">Delhi</subfield>
    <subfield code="k">26566387, 26562784, 26524658</subfield>
    <subfield code="l">26857009</subfield>
    <subfield code="m">www.abhinavexports.com</subfield>
  </datafield>
  <datafield tag="300" ind1=" " ind2=" ">
    <subfield code="a">346p.</subfield>
    <subfield code="c">24cm(Hb)</subfield>
  </datafield>
  <datafield tag="500" ind1=" " ind2=" ">
    <subfield code="a">Includes  bibliographical reference</subfield>
  </datafield>
  <datafield tag="942" ind1=" " ind2=" ">
    <subfield code="a">dpl</subfield>
    <subfield code="c">EN</subfield>
    <subfield code="2">ddc</subfield>
    <subfield code="h">792.0954</subfield>
    <subfield code="m">VAR</subfield>
  </datafield>
  <datafield tag="999" ind1=" " ind2=" ">
    <subfield code="c">10605</subfield>
    <subfield code="d">10605</subfield>
  </datafield>
  <datafield tag="952" ind1=" " ind2=" ">
    <subfield code="0">0</subfield>
    <subfield code="1">0</subfield>
    <subfield code="2">ddc</subfield>
    <subfield code="4">0</subfield>
    <subfield code="7">0</subfield>
    <subfield code="a">AG</subfield>
    <subfield code="b">DBAD</subfield>
    <subfield code="d">2008-10-01</subfield>
    <subfield code="g">950.00</subfield>
    <subfield code="l">0</subfield>
    <subfield code="p">EN-72955</subfield>
    <subfield code="r">2008-09-15 00:00:00</subfield>
    <subfield code="u">11682</subfield>
    <subfield code="v">950.00</subfield>
    <subfield code="w">2008-09-15</subfield>
    <subfield code="y">EN</subfield>
  </datafield>
  <datafield tag="952" ind1=" " ind2=" ">
    <subfield code="0">0</subfield>
    <subfield code="1">0</subfield>
    <subfield code="2">ddc</subfield>
    <subfield code="4">0</subfield>
    <subfield code="7">1</subfield>
    <subfield code="8">NFIC</subfield>
    <subfield code="a">L</subfield>
    <subfield code="b">L</subfield>
    <subfield code="d">2009-05-13</subfield>
    <subfield code="e">Abhinav Publications/826/17.12.08/221/12.12.08/18.12.08</subfield>
    <subfield code="g">950.00</subfield>
    <subfield code="l">0</subfield>
    <subfield code="o">792.0954 VAR</subfield>
    <subfield code="p">B-308365</subfield>
    <subfield code="r">2009-05-13 00:00:00</subfield>
    <subfield code="t">1</subfield>
    <subfield code="v">950.00</subfield>
    <subfield code="y">RF</subfield>
  </datafield>
  <datafield tag="952" ind1=" " ind2=" ">
    <subfield code="0">0</subfield>
    <subfield code="1">0</subfield>
    <subfield code="2">ddc</subfield>
    <subfield code="4">0</subfield>
    <subfield code="7">1</subfield>
    <subfield code="8">NFIC</subfield>
    <subfield code="a">BL1</subfield>
    <subfield code="b">BL1</subfield>
    <subfield code="d">2009-05-13</subfield>
    <subfield code="e">Abhinav Publications/826/17.12.08/221/12.12.08/18.12.08</subfield>
    <subfield code="g">950.00</subfield>
    <subfield code="l">0</subfield>
    <subfield code="o">792.0954 VAR</subfield>
    <subfield code="p">B-308366</subfield>
    <subfield code="r">2009-05-13 00:00:00</subfield>
    <subfield code="t">1</subfield>
    <subfield code="v">950.00</subfield>
    <subfield code="w">2009-05-13</subfield>
    <subfield code="y">RF</subfield>
  </datafield>
  <datafield tag="952" ind1=" " ind2=" ">
    <subfield code="0">0</subfield>
    <subfield code="1">0</subfield>
    <subfield code="2">ddc</subfield>
    <subfield code="4">0</subfield>
    <subfield code="7">1</subfield>
    <subfield code="8">NFIC</subfield>
    <subfield code="a">ZLS</subfield>
    <subfield code="b">JP</subfield>
    <subfield code="d">2009-05-13</subfield>
    <subfield code="e">Abhinav Publications/826/17.12.08/221/12.12.08/18.12.08</subfield>
    <subfield code="g">950.00</subfield>
    <subfield code="l">0</subfield>
    <subfield code="o">792.0954 VAR</subfield>
    <subfield code="p">B-308367</subfield>
    <subfield code="r">2009-10-08 00:00:00</subfield>
    <subfield code="t">1</subfield>
    <subfield code="v">950.00</subfield>
    <subfield code="w">2009-05-13</subfield>
    <subfield code="y">RF</subfield>
  </datafield>
  <datafield tag="952" ind1=" " ind2=" ">
    <subfield code="0">0</subfield>
    <subfield code="1">0</subfield>
    <subfield code="2">ddc</subfield>
    <subfield code="4">0</subfield>
    <subfield code="7">1</subfield>
    <subfield code="8">NFIC</subfield>
    <subfield code="a">VP</subfield>
    <subfield code="b">VP</subfield>
    <subfield code="d">2009-05-13</subfield>
    <subfield code="e">Abhinav Publications/826/17.12.08/221/12.12.08/18.12.08</subfield>
    <subfield code="g">950.00</subfield>
    <subfield code="l">0</subfield>
    <subfield code="o">792.0954 VAR</subfield>
    <subfield code="p">B-308368</subfield>
    <subfield code="r">2009-05-13 00:00:00</subfield>
    <subfield code="t">1</subfield>
    <subfield code="v">950.00</subfield>
    <subfield code="w">2009-05-13</subfield>
    <subfield code="y">RF</subfield>
  </datafield>
  <datafield tag="952" ind1=" " ind2=" ">
    <subfield code="0">0</subfield>
    <subfield code="1">0</subfield>
    <subfield code="2">ddc</subfield>
    <subfield code="4">0</subfield>
    <subfield code="7">1</subfield>
    <subfield code="8">NFIC</subfield>
    <subfield code="a">BL3</subfield>
    <subfield code="b">BL3</subfield>
    <subfield code="d">2009-05-13</subfield>
    <subfield code="e">Abhinav Publications/826/17.12.08/221/12.12.08/18.12.08</subfield>
    <subfield code="g">950.00</subfield>
    <subfield code="l">0</subfield>
    <subfield code="o">792.0954 VAR</subfield>
    <subfield code="p">B-308369</subfield>
    <subfield code="r">2009-05-13 00:00:00</subfield>
    <subfield code="t">1</subfield>
    <subfield code="v">950.00</subfield>
    <subfield code="w">2009-05-13</subfield>
    <subfield code="y">RF</subfield>
  </datafield>
  <datafield tag="952" ind1=" " ind2=" ">
    <subfield code="0">0</subfield>
    <subfield code="1">0</subfield>
    <subfield code="2">ddc</subfield>
    <subfield code="4">0</subfield>
    <subfield code="7">1</subfield>
    <subfield code="8">NFIC</subfield>
    <subfield code="a">BL4</subfield>
    <subfield code="b">BL4</subfield>
    <subfield code="d">2009-05-13</subfield>
    <subfield code="e">Abhinav Publications/826/17.12.08/221/12.12.08/18.12.08</subfield>
    <subfield code="g">950.00</subfield>
    <subfield code="l">0</subfield>
    <subfield code="o">792.0954 VAR</subfield>
    <subfield code="p">B-308370</subfield>
    <subfield code="r">2009-05-13 00:00:00</subfield>
    <subfield code="t">1</subfield>
    <subfield code="v">950.00</subfield>
    <subfield code="w">2009-05-13</subfield>
    <subfield code="y">RF</subfield>
  </datafield>
  <datafield tag="952" ind1=" " ind2=" ">
    <subfield code="0">0</subfield>
    <subfield code="1">0</subfield>
    <subfield code="2">ddc</subfield>
    <subfield code="4">0</subfield>
    <subfield code="7">0</subfield>
    <subfield code="8">NFIC</subfield>
    <subfield code="a">JP</subfield>
    <subfield code="b">JP</subfield>
    <subfield code="d">2009-09-30</subfield>
    <subfield code="e">Pansy Books/942/29.9.09/92/4.9.09/29.9.09</subfield>
    <subfield code="g">950.00</subfield>
    <subfield code="l">0</subfield>
    <subfield code="o">792.0954 VAR</subfield>
    <subfield code="p">B-359101</subfield>
    <subfield code="r">2009-09-30 00:00:00</subfield>
    <subfield code="t">1</subfield>
    <subfield code="v">950.00</subfield>
    <subfield code="w">2009-09-30</subfield>
    <subfield code="y">EN</subfield>
  </datafield>
</record>
